Visualizzazione normale
Vista MARC
- Patrologia greca
di Genre/Form Term
Records bibliografici associati: 3
001 - CONTROL NUMBER
- control field: 56823
003 - CONTROL NUMBER IDENTIFIER
- control field:
005 - DATE AND TIME OF LATEST TRANSACTION
- control field: 20180122100609.0
008 - FIXED-LENGTH DATA ELEMENTS
- fixed length control field: 180122|| aca||aabn | a|a d
040 ## - CATALOGING SOURCE
- Original cataloging agency:
- Transcribing agency:
155 ## - HEADING--GENRE/FORM TERM
- Genre/form term: Patrologia greca
- General subdivision: Padri apostolici
- General subdivision: Simboli - Clemens PP. I, s., ca.30-ca.101 - Ignatius Antiochenus, s., ca.35-ca.108 - Polycarpus Smirnensis, s., ca.70-ca.156 - Hermas, sec. II - Papias Hierapolitanus, s., sec. II - Didachè - Lettera di Barnaba.
670 ## - SOURCE DATA FOUND
- Source citation: Work cat.: ()0: A Diogneto /, 2008.